Bases para la democratización de la educación
Saved in:
| Corporate Author: | |
|---|---|
| Format: | Unknown |
| Published: |
San José :
|
| Tags: |
Add Tag
No Tags, Be the first to tag this record!
|
MARC
| LEADER | 00000 a2200000 04500 | ||
|---|---|---|---|
| 001 | 15530 | ||
| 003 | |||
| 008 | 991231s d | ||
| 040 | |||
| 090 | |a EXTRAVIADO | ||
| 110 | |a Sindicato de Educadores Costarricenses | ||
| 245 | |a Bases para la democratización de la educación | ||
| 260 | |a San José : | ||
| 999 | |c 1188 |d 1188 | ||
